Vista normal
Vista MARC
Entrada Nombre corporativo
Número de registros utilizados en: 24
001 - NÚMERO DE CONTROL
- Campo de control: 2304
003 - IDENTIFICADOR DE NÚMERO DE CONTROL
- Campo de control: ES-MaCES
005 - FECHA Y HORA DE LA ULTIMA MODIFICACION
- Campo de control: 20040727104000.0
008 - ELEMENTOS DE DATOS DE LONGITUD FIJA
- Campo de longitud fija: 040727 | azznnaabn || ana d
035 ## - NÚMERO DE CONTROL DEL SISTEMA
- Número de control del sistema: CES20040002293e
040 ## - FUENTE DE LA CATALOGACIÓN
- Agencia original de catalogación: ES-MaCES
- Idioma de catalogación: spa
- Agencia de transcripción: ES-MaCES
110 2# - ENCABEZAMIENTO--NOMBRE CORPORATIVO
- Nombre corporativo o de jurisdicción como elemento de entrada: Confemetal
410 2# - TRAZADO VEÁSE--NOMBRE CORPORATIVO
- Nombre corporativo o de jurisdicción como elemento de entrada: Confederación Española de Organizaciones Empresariales del Metal
670 ## - FUENTE DE DATOS ENCONTRADOS
- Fuente de citación: Biblioteca Nacional
- Información encontrada: : (CD del CES), Confederación del Metal, no confundir con la Fundación CONFEMETAL, creada para objetivos educativos dentro de la Confederación
901 ## - CES. DATOS SIRTEX
- ID Sirtex (N5N8): 0001800006124
- 005BIS Sirtex: 200407271033ALORITE

